[Event "CZE-chT2B 2223"]
[Site "Czech Republic"]
[Date "2022.12.04"]
[Round "4.6"]
[White "Hlavacek, Tomas"]
[Black "Postupa, Martin"]
[Result "1-0"]
[WhiteElo "2005"]
[BlackElo "2000"]
[PlyCount "83"]
[EventDate "2022.10.16"]
[EventType "team-tourn"]
[EventRounds "11"]
[EventCountry "CZE"]
[SourceTitle "EXT 2024"]
[Source "ChessBase"]
[SourceDate "2023.10.10"]
[SourceVersion "1"]
[SourceVersionDate "2023.10.10"]
[SourceQuality "1"]
[WhiteTeam "Karlovy Vary Tietz"]
[BlackTeam "Pankrac II"]
[WhiteTeamCountry "CZE"]
[BlackTeamCountry "CZE"]

1. Nf3 f5 2. d4 Nf6 3. h4 g6 4. Bg5 Bg7 5. e3 h6 6. Bf4 d6 7. Bc4 Nbd7 8. c3 Nb6 9. Bb3 e6 10. Nbd2 0-0 11. Qc2 a5 12. a4 Bd7 13. Bh2 Kh7 14. e4 Ng4 15. e5 dxe5 16. Bxe5 Nxe5 17. Nxe5 Bxe5 18. dxe5 Bc6 19. h5 Qe8 20. hxg6+ Qxg6 21. 0-0-0 Rad8 22. Rh3 Qxg2 23. Rdh1 Qxh1+ 24. Rxh1 Bxh1 25. Bxe6 Kg6 26. f4 Bd5 27. Bxd5 Nxd5 28. Qd3 Kh7 29. Qc4 Rg8 30. Nf3 Rg7 31. Qd3 Rgd7 32. Qxf5+ Kh8 33. Kb1 b6 34. e6 Rg7 35. Ne5 Kg8 36. Nf7 Nxc3+ 37. bxc3 Rd2 38. Nxh6+ Kh8 39. Nf7+ Kg8 40. Ng5 Re2 41. Qf6 Rd2 42. e7 1-0

[Event "CZE-chT1W 2122"]
[Site "Czech Republic"]
[Date "2022.03.27"]
[Round "11.5"]
[White "Adamek, Zdenek"]
[Black "Postupa, Martin"]
[Result "1-0"]
[WhiteElo "2149"]
[BlackElo "2026"]
[PlyCount "93"]
[EventDate "2021.10.10"]
[EventType "team-tourn"]
[EventRounds "11"]
[EventCountry "CZE"]
[SourceTitle "EXT 2023"]
[Source "ChessBase"]
[SourceDate "2022.10.05"]
[SourceVersion "1"]
[SourceVersionDate "2022.10.05"]
[SourceQuality "1"]
[WhiteTeam "Praha DP EA Hotels"]
[BlackTeam "Pankrac"]
[WhiteTeamCountry "CZE"]
[BlackTeamCountry "CZE"]

1. d4 d5 2. c4 e6 3. Nc3 Nf6 4. cxd5 exd5 5. Bg5 Be7 6. e3 0-0 7. Bd3 Re8 8. Nge2 c6 9. Qc2 Nbd7 10. 0-0 Nf8 11. f3 h6 12. Bh4 g5 13. Bf2 a6 14. Rad1 Be6 15. Kh1 Rc8 16. Bg1 c5 17. dxc5 Bxc5 18. Nd4 b5 19. Qd2 Bb4 20. Rc1 Bd7 21. a3 Bd6 22. Nf5 Bxf5 23. Bxf5 Rc5 24. b4 Rc4 25. Bb1 Be5 26. Ba2 Rxc3 27. Rxc3 Bxc3 28. Qxc3 N8d7 29. Rd1 Qa8 30. Qd4 Re5 31. Bf2 Qc6 32. Bg3 Re6 33. e4 Qb6 34. Qd2 Re8 35. exd5 Qe3 36. Bf2 Qxa3 37. d6 a5 38. bxa5 b4 39. Qc2 Qxa5 40. Qg6+ Kh8 41. Qxh6+ Nh7 42. Bd4+ Re5 43. Bb1 Ndf6 44. Bxe5 Qxe5 45. d7 Qe7 46. d8Q+ Qxd8 47. Rxd8+ 1-0

[Event "CZE-chT2A 1920"]
[Site "Czech Republic"]
[Date "2020.02.09"]
[Round "8.7"]
[White "Postupa, Martin"]
[Black "Mares, Daniel"]
[Result "1-0"]
[WhiteElo "2042"]
[BlackElo "1857"]
[PlyCount "61"]
[EventDate "2019.10.13"]
[EventType "team-tourn"]
[EventRounds "11"]
[EventCountry "CZE"]
[SourceTitle "EXT 2024"]
[Source "ChessBase"]
[SourceDate "2023.10.10"]
[SourceVersion "1"]
[SourceVersionDate "2023.10.10"]
[SourceQuality "1"]
[WhiteTeam "Pankrac II"]
[BlackTeam "Pisek"]
[WhiteTeamCountry "CZE"]
[BlackTeamCountry "CZE"]

1. e4 c6 2. d4 d5 3. f3 Nd7 4. Nc3 Nb6 5. a4 a5 6. b3 e6 7. Nge2 Nf6 8. Bg5 h6 9. Bh4 g5 10. Bf2 Bb4 11. Qd3 Nbd7 12. 0-0-0 b6 13. e5 Nh5 14. g3 Ba6 15. Qe3 Ng7 16. g4 b5 17. h4 Nb6 18. hxg5 Qd7 19. gxh6 0-0-0 20. Bh4 Ne8 21. Bxd8 Qxd8 22. Ng3 Nc7 23. axb5 cxb5 24. Kb2 a4 25. Na2 Qf8 26. Nxb4 Qxb4 27. Qd2 a3+ 28. Ka2 Qxd2 29. Rxd2 b4 30. Bxa6+ Nxa6 31. Ne2 1-0

[Event "Pardubice Czech op-E 30th"]
[Site "Pardubice"]
[Date "2019.07.14"]
[Round "7.5"]
[White "Postupa, Martin"]
[Black "Jelinek, Michal"]
[Result "0-1"]
[WhiteElo "2073"]
[BlackElo "2108"]
[PlyCount "104"]
[EventDate "2019.07.11"]
[EventType "team-swiss"]
[EventRounds "7"]
[EventCountry "CZE"]
[SourceTitle "EXT 2020"]
[Source "ChessBase"]
[SourceDate "2019.10.17"]
[SourceVersion "1"]
[SourceVersionDate "2019.10.17"]
[SourceQuality "1"]
[WhiteTeam "Pankrac"]
[BlackTeam "Praha Oaza Juniors"]
[WhiteTeamCountry "CZE"]
[BlackTeamCountry "CZE"]

1. e4 e5 2. Nf3 Nc6 3. Bb5 a6 4. Bxc6 dxc6 5. 0-0 Bg4 6. h3 h5 7. d3 Qf6 8. Be3 Bxf3 9. Qxf3 Qxf3 10. gxf3 Bd6 11. d4 Ne7 12. Nd2 Ng6 13. Nc4 exd4 14. Nxd6+ cxd6 15. Bxd4 Nh4 16. Kh1 Nxf3 17. Bxg7 Rg8 18. Bc3 Rg6 19. Rad1 0-0-0 20. Rd3 Ng5 21. e5 d5 22. f4 Ne4 23. Be1 Rdg8 24. b3 Rg2 25. c4 Rxa2 26. Rg1 Rxg1+ 27. Kxg1 Ra1 28. Kf1 dxc4 29. bxc4 Nc5 30. Rd4 a5 31. Kf2 a4 32. Ba5 Ne6 33. Rd6 Ra2+ 34. Kg3 Ra3+ 35. Kh4 Rf3 36. Kxh5 Rxf4 37. c5 a3 38. Rd2 Ra4 39. Bc3 a2 40. Rd1 Ra3 41. Ba1 Rxh3+ 42. Kg4 Rh2 43. Rf1 Rg2+ 44. Kf5 Kd7 45. Kf6 Ke8 46. Kf5 Nxc5 47. Bc3 Rc2 48. Bb4 Nb3 49. e6 fxe6+ 50. Kxe6 Re2+ 51. Kd6 a1Q 52. Kc7 Qxf1 0-1

[Event "CZE-chT2C 1819"]
[Site "Czech Republic"]
[Date "2018.11.04"]
[Round "2.6"]
[White "Postupa, Martin"]
[Black "Fiedler, Bedrich"]
[Result "1-0"]
[WhiteElo "2091"]
[BlackElo "2110"]
[PlyCount "109"]
[EventDate "2018.10.14"]
[EventType "team-tourn"]
[EventRounds "11"]
[EventCountry "CZE"]
[SourceTitle "EXT 2022"]
[Source "ChessBase"]
[SourceDate "2021.10.06"]
[SourceVersion "1"]
[SourceVersionDate "2021.10.06"]
[SourceQuality "1"]
[WhiteTeam "Pankrac II"]
[BlackTeam "Lipa"]
[WhiteTeamCountry "CZE"]
[BlackTeamCountry "CZE"]

1. e4 c5 2. g3 Nc6 3. Bg2 g6 4. Ne2 Bg7 5. d3 d6 6. 0-0 Rb8 7. a4 e5 8. Nec3 Nge7 9. f4 h5 10. fxe5 Bxe5 11. Qf3 0-0 12. Bh6 Bg4 13. Qf2 Bd4 14. Be3 Bg7 15. Qd2 Qd7 16. Na3 Bh3 17. Nc4 Bxg2 18. Kxg2 d5 19. exd5 Nxd5 20. Bxc5 Nxc3 21. Bxf8 Qd5+ 22. Kg1 Bd4+ 23. Rf2 Ne4 24. dxe4 Qxc4 25. Bh6 Ne5 26. Be3 Bxe3 27. Qxe3 Ng4 28. b3 Qc8 29. Qxa7 Nxf2 30. Qxf2 Qe6 31. Qd4 Re8 32. Re1 h4 33. e5 hxg3 34. hxg3 Qf5 35. Re2 Qg5 36. Qf4 Qh5 37. g4 Qh4 38. Kg2 Qd8 39. c4 Qd3 40. Qe3 Qd1 41. Qf3 Qd4 42. Qe4 Qb6 43. Re3 Qc5 44. Kf3 b6 45. Qd5 Qe7 46. Qc6 Rd8 47. Qf6 Qb7+ 48. Kg3 Rd2 49. Qf3 Qd7 50. Qe4 Rd4 51. Qa8+ Kg7 52. Qf3 Kg8 53. e6 fxe6 54. Qf6 Qf7 55. Qxd4 1-0

[Event "Pardubice Czech op-E 29th"]
[Site "Pardubice"]
[Date "2018.07.15"]
[Round "7"]
[White "Tikovsky, Alexander"]
[Black "Postupa, Martin"]
[Result "0-1"]
[WhiteElo "2169"]
[BlackElo "2092"]
[PlyCount "78"]
[EventDate "2018.07.12"]
[EventType "team"]
[EventRounds "7"]
[EventCountry "CZE"]
[SourceTitle "EXT 2019"]
[Source "ChessBase"]
[SourceDate "2018.10.10"]
[SourceVersion "1"]
[SourceVersionDate "2018.10.10"]
[SourceQuality "1"]
[WhiteTeam "Brno Moravska Slavia"]
[BlackTeam "Pankrac"]
[WhiteTeamCountry "CZE"]
[BlackTeamCountry "CZE"]

1. g3 e5 2. Bg2 Nc6 3. d3 g6 4. c4 Bg7 5. Nc3 Nge7 6. e4 0-0 7. h4 h6 8. Be3 f5 9. Qd2 Kh7 10. h5 g5 11. exf5 Nxf5 12. Be4 Kh8 13. Nge2 d6 14. Nd5 Nce7 15. 0-0-0 c6 16. Nxe7 Qxe7 17. Nc3 Nxe3 18. Qxe3 Bf5 19. Ne2 Qe6 20. f3 d5 21. Bxf5 Qxf5 22. Rhf1 dxc4 23. dxc4 Qf7 24. Nc3 Qxc4 25. Kb1 Rad8 26. g4 a5 27. Ne4 Rd4 28. Rc1 Qd5 29. Qe2 b5 30. Ng3 Rff4 31. Rf2 Rd3 32. Rcf1 Rfd4 33. Ne4 c5 34. Nc3 Qd7 35. Rc1 c4 36. Qc2 Qc6 37. Ne4 a4 38. Rff1 b4 39. Rcd1 b3 0-1

[Event "Pardubice Czech op-E 29th"]
[Site "Pardubice"]
[Date "2018.07.14"]
[Round "4"]
[White "Postupa, Martin"]
[Black "Krejci, Martin"]
[Result "0-1"]
[WhiteElo "2092"]
[BlackElo "2069"]
[PlyCount "90"]
[EventDate "2018.07.12"]
[EventType "team"]
[EventRounds "7"]
[EventCountry "CZE"]
[SourceTitle "EXT 2019"]
[Source "ChessBase"]
[SourceDate "2018.10.10"]
[SourceVersion "1"]
[SourceVersionDate "2018.10.10"]
[SourceQuality "1"]
[WhiteTeam "Pankrac"]
[BlackTeam "Ricany"]
[WhiteTeamCountry "CZE"]
[BlackTeamCountry "CZE"]

1. e4 c5 2. Nc3 Nc6 3. g3 g6 4. Bg2 Bg7 5. d3 d6 6. Be3 e6 7. Qd2 Rb8 8. a4 a6 9. Nh3 b5 10. axb5 axb5 11. 0-0 Nd4 12. f4 Ne7 13. Rae1 b4 14. Nd1 0-0 15. b3 f5 16. Kh1 d5 17. exd5 Nxd5 18. Bg1 h6 19. Ne3 Nxe3 20. Rxe3 Qd6 21. Nf2 Rb6 22. Nd1 Ra6 23. Ree1 Ra2 24. Bxd4 Bxd4 25. Re2 Rf7 26. Qe1 Rfa7 27. h3 Ra1 28. g4 Rc1 29. Qh4 Rh7 30. gxf5 gxf5 31. Rfe1 Qe7 32. Qh5 Qf7 33. Qf3 Rg7 34. Qc6 Bd7 35. Qa8+ Kh7 36. Qf3 Qg8 37. Kh2 Bc8 38. Qf1 Rg6 39. Ne3 Rxe1 40. Rxe1 Qd8 41. Qf3 Qh4 42. Re2 Rg7 43. Nc4 Bb7 44. Qf1 Qg3+ 45. Kh1 Qxh3# 0-1

[Event "Prague Menchik Memorial rapid"]
[Site "Prague"]
[Date "2018.06.10"]
[Round "9"]
[White "Postupa, Martin"]
[Black "Kalousek, Zdenek"]
[Result "0-1"]
[WhiteElo "2092"]
[BlackElo "2065"]
[PlyCount "100"]
[EventDate "2018.06.10"]
[EventType "swiss (rapid)"]
[EventRounds "9"]
[EventCountry "CZE"]
[SourceTitle "CBM 184 Extra"]
[Source "ChessBase"]
[SourceDate "2018.06.28"]
[SourceVersion "1"]
[SourceVersionDate "2018.06.28"]
[SourceQuality "1"]

1. e4 Nf6 2. d3 e5 3. Nc3 Nc6 4. g3 d5 5. exd5 Nxd5 6. Bg2 Be6 7. Nge2 Nxc3 8. Nxc3 Bb4 9. Bd2 Bxc3 10. Bxc3 Bd5 11. f3 Qd6 12. a3 h5 13. Qe2 0-0-0 14. 0-0-0 Rhe8 15. Rhe1 Nd4 16. Bxd4 exd4 17. Qxe8 Rxe8 18. Rxe8+ Kd7 19. Rde1 Be6 20. Ra8 a6 21. f4 c6 22. Rg8 g6 23. h3 h4 24. Re5 hxg3 25. h4 Kc7 26. h5 gxh5 27. Rxg3 f6 28. Rg7+ Kb6 29. Re4 h4 30. f5 Bd5 31. Rxd4 Qe5 32. Rb4+ Ka5 33. Kd1 Bxg2 34. Rxg2 h3 35. Re2 Qg3 36. Rxb7 Qg1+ 37. Re1 Qg4+ 38. Kc1 Qxf5 39. b4+ Ka4 40. Kb2 h2 41. Rb6 Qf2 42. Rxa6+ Kb5 43. Ra5+ Kb6 44. Re7 h1Q 45. Rc5 Qd4+ 46. Rc3 f5 47. a4 Qhh8 48. a5+ Ka6 49. Rc7 Qxc3+ 50. Kc1 Qh1# 0-1

[Event "CZE-chT2C 1718"]
[Site "Czech Republic"]
[Date "2018.03.18"]
[Round "10.7"]
[White "Koubova, Anna Marie"]
[Black "Postupa, Martin"]
[Result "0-1"]
[WhiteElo "1915"]
[BlackElo "2075"]
[PlyCount "74"]
[EventDate "2017.10.15"]
[EventType "team-tourn"]
[EventRounds "11"]
[EventCountry "CZE"]
[SourceTitle "EXT 2022"]
[Source "ChessBase"]
[SourceDate "2021.10.06"]
[SourceVersion "1"]
[SourceVersionDate "2021.10.06"]
[SourceQuality "1"]
[WhiteTeam "Unichess Vyletna"]
[BlackTeam "Pankrac II"]
[WhiteTeamCountry "CZE"]
[BlackTeamCountry "CZE"]

1. d4 d5 2. c4 e6 3. Nc3 Nf6 4. cxd5 exd5 5. Bg5 Be7 6. Qc2 c6 7. e3 Nbd7 8. Bd3 Nh5 9. Bxe7 Qxe7 10. 0-0-0 g6 11. Kb1 Nb6 12. h3 Ng7 13. g4 Be6 14. Nge2 0-0-0 15. Na4 Nxa4 16. Qxa4 Kb8 17. Rc1 h5 18. Rhg1 hxg4 19. hxg4 Rh2 20. Rc3 Qd7 21. Rgc1 Rc8 22. Ra3 b6 23. Rac3 Bxg4 24. Bb5 Bf5+ 25. Ka1 cxb5 26. Rxc8+ Qxc8 27. Rxc8+ Bxc8 28. Qd1 Rxf2 29. Qe1 Rf3 30. Ng1 Rf6 31. Qg3+ Kb7 32. a3 Re6 33. Qf3 Ka6 34. Ne2 Nf5 35. Nc3 Rxe3 36. Qf1 Nxd4 37. a4 Re1+ 0-1

[Event "CZE-chT1W 1617"]
[Site "Czech Republic"]
[Date "2017.04.09"]
[Round "11.1"]
[White "Mitura, Karel"]
[Black "Postupa, Martin"]
[Result "1-0"]
[WhiteElo "2154"]
[BlackElo "2136"]
[PlyCount "109"]
[EventDate "2016.10.16"]
[EventType "team-tourn"]
[EventRounds "11"]
[EventCountry "CZE"]
[SourceTitle "CBM 177 Extra"]
[Source "ChessBase"]
[SourceDate "2017.04.27"]
[SourceVersion "1"]
[SourceVersionDate "2017.04.27"]
[SourceQuality "1"]
[WhiteTeam "Neratovice"]
[BlackTeam "Praha Grop"]
[WhiteTeamCountry "CZE"]
[BlackTeamCountry "CZE"]

1. e4 e5 2. Nc3 Nc6 3. g3 a6 4. Bg2 Bc5 5. Nf3 d6 6. 0-0 Nge7 7. d3 0-0 8. Be3 Bxe3 9. fxe3 f5 10. Nh4 g6 11. Qd2 Be6 12. Nd5 Qd7 13. c4 Kg7 14. Bh3 Rf7 15. Rf2 Raf8 16. Raf1 Ng8 17. exf5 gxf5 18. Qe2 Kh8 19. Qh5 Nce7 20. e4 Bxd5 21. cxd5 Qb5 22. Nxf5 Qxd3 23. Qe2 Qxe2 24. Rxe2 Nxf5 25. Rxf5 Rxf5 26. Bxf5 Ne7 27. Bg4 Kg7 28. Kg2 Kg6 29. Bf3 Rd8 30. Re3 c6 31. dxc6 Nxc6 32. Rc3 Rf8 33. Bg4 Nd4 34. Rc7 h5 35. Bd1 b5 36. Ra7 a5 37. Rxa5 h4 38. Ra6 Rf6 39. gxh4 Kh6 40. Rb6 Kg6 41. Bg4 Kh6 42. b3 Kg6 43. a4 bxa4 44. bxa4 Nc2 45. Kg3 Ne3 46. Be2 Kh6 47. a5 Rg6+ 48. Kf2 Nc2 49. a6 Rf6+ 50. Kg3 Rg6+ 51. Bg4 Ne3 52. h3 Rf6 53. Rb3 Nf1+ 54. Kg2 Nd2 55. a7 1-0

[Event "CZE-chT1W 1617"]
[Site "Czech Republic"]
[Date "2017.03.26"]
[Round "10.6"]
[White "Plesek, Jiri"]
[Black "Postupa, Martin"]
[Result "1-0"]
[WhiteElo "2139"]
[BlackElo "2136"]
[PlyCount "81"]
[EventDate "2016.10.16"]
[EventType "team-tourn"]
[EventRounds "11"]
[EventCountry "CZE"]
[SourceTitle "CBM 177 Extra"]
[Source "ChessBase"]
[SourceDate "2017.04.27"]
[SourceVersion "1"]
[SourceVersionDate "2017.04.27"]
[SourceQuality "1"]
[WhiteTeam "Pankrac"]
[BlackTeam "Praha Grop"]
[WhiteTeamCountry "CZE"]
[BlackTeamCountry "CZE"]

1. Nf3 d5 2. c4 e6 3. g3 Nf6 4. Bg2 Be7 5. b3 0-0 6. 0-0 b6 7. Bb2 Bb7 8. e3 dxc4 9. bxc4 Na6 10. Qe2 c5 11. Rd1 Qc7 12. Nc3 Rfd8 13. Nb5 Qc8 14. Rac1 Nb4 15. d3 Nxa2 16. Ra1 a6 17. Rxa2 axb5 18. Rxa8 Bxa8 19. cxb5 Bd5 20. Ne5 Re8 21. e4 Ba8 22. h4 Rd8 23. Kh2 Nd7 24. Nc4 g6 25. Qd2 Qb8 26. f4 h5 27. Bh3 Nf6 28. Qe2 Qb7 29. Ne5 Qc8 30. Rf1 Rf8 31. f5 Qe8 32. fxg6 fxg6 33. Bxe6+ Kh7 34. Bc4 Bd6 35. Nf7 Ng4+ 36. Kg2 Be7 37. Qd2 Qd7 38. Rf4 Bd6 39. Ng5+ Kh6 40. Rxf8 Bxf8 41. Ne6+ 1-0

[Event "CZE-chT1W 1617"]
[Site "Czech Republic"]
[Date "2017.02.05"]
[Round "7.3"]
[White "Rodshtein, Tereza"]
[Black "Postupa, Martin"]
[Result "1-0"]
[WhiteElo "2207"]
[BlackElo "2136"]
[PlyCount "73"]
[EventDate "2016.10.16"]
[EventType "team-tourn"]
[EventRounds "11"]
[EventCountry "CZE"]
[SourceTitle "CBM 177 Extra"]
[Source "ChessBase"]
[SourceDate "2017.04.27"]
[SourceVersion "1"]
[SourceVersionDate "2017.04.27"]
[SourceQuality "1"]
[WhiteTeam "Turnov Zikuda"]
[BlackTeam "Praha Grop"]
[WhiteTeamCountry "CZE"]
[BlackTeamCountry "CZE"]

1. e4 e5 2. Nf3 Nc6 3. Bc4 Be7 4. c3 Nf6 5. d3 0-0 6. 0-0 d6 7. Bb3 Na5 8. Bc2 c5 9. Nbd2 a6 10. a4 Nc6 11. Re1 g6 12. Nf1 h5 13. d4 cxd4 14. cxd4 Bg4 15. Be3 Rc8 16. d5 Nb8 17. Rc1 Nh7 18. h3 Bxf3 19. Qxf3 Bg5 20. Bd3 Qa5 21. Bxg5 Nxg5 22. Qf6 Qd8 23. Qxd8 Rfxd8 24. Ne3 Nd7 25. b4 f6 26. Nc4 Nf7 27. Na5 Nb6 28. Nxb7 Rxc1 29. Rxc1 Rb8 30. Bxa6 Nxa4 31. b5 Nb6 32. Rc6 Nc8 33. Nd8 Nxd8 34. Rxc8 Rxc8 35. Bxc8 Kf7 36. b6 Ke7 37. b7 1-0

[Event "CZE-chT2A 1617"]
[Site "Czech Republic"]
[Date "2016.12.11"]
[Round "5.6"]
[White "Satransky, Jaroslav"]
[Black "Postupa, Martin"]
[Result "1/2-1/2"]
[WhiteElo "2188"]
[BlackElo "2131"]
[PlyCount "123"]
[EventDate "2016.10.09"]
[EventType "team-tourn"]
[EventRounds "11"]
[EventCountry "CZE"]
[SourceTitle "EXT 2022"]
[Source "ChessBase"]
[SourceDate "2021.10.06"]
[SourceVersion "1"]
[SourceVersionDate "2021.10.06"]
[SourceQuality "1"]
[WhiteTeam "Kladno"]
[BlackTeam "Pankrac II"]
[WhiteTeamCountry "CZE"]
[BlackTeamCountry "CZE"]

1. e4 e5 2. Nc3 Nc6 3. Bc4 Nf6 4. d3 Bc5 5. Nf3 d6 6. h3 Na5 7. Bb3 a6 8. 0-0 c6 9. Ne2 0-0 10. c3 Nxb3 11. Qxb3 Qe7 12. Ng3 Be6 13. Qc2 h6 14. a4 b5 15. d4 exd4 16. cxd4 Bb4 17. Bf4 Qb7 18. Rfc1 Rac8 19. Bd2 Bxd2 20. Nxd2 Bd7 21. e5 Ne8 22. Nde4 c5 23. dxc5 dxe5 24. axb5 Qxb5 25. Qc3 f6 26. b4 Rf7 27. Ra5 Qb7 28. Rca1 Bb5 29. Rd1 Rd7 30. Raa1 Rcd8 31. Qf3 Bc6 32. Rxd7 Rxd7 33. Qg4 Kf8 34. Qe2 Rd4 35. f3 Bb5 36. Qe1 Bc6 37. Rb1 Qd7 38. Ne2 Bxe4 39. fxe4 Rxe4 40. Rb2 Qd3 41. Qf2 Qe3 42. Qxe3 Rxe3 43. Kf2 Re4 44. Kf3 f5 45. b5 axb5 46. Rxb5 Rc4 47. c6 e4+ 48. Kf4 g5+ 49. Ke5 f4 50. Nd4 e3 51. Ne6+ Kf7 52. Rb7+ Kg6 53. Re7 Rxc6 54. Nf8+ Kh5 55. Rxe8 Rc2 56. Kf5 Rxg2 57. Ng6 Rg3 58. Nxf4+ gxf4 59. Kxf4 Kh4 60. Rxe3 Rxe3 61. Kxe3 Kxh3 62. Kf3 1/2-1/2

[Event "CZE-chT1W 1516"]
[Site "Czech Republic"]
[Date "2016.02.28"]
[Round "9.7"]
[White "Forman, Stepan"]
[Black "Postupa, Martin"]
[Result "1/2-1/2"]
[WhiteElo "2278"]
[BlackElo "2125"]
[PlyCount "116"]
[EventDate "2015.10.11"]
[EventType "team-tourn"]
[EventRounds "11"]
[EventCountry "CZE"]
[SourceTitle "EXT 2017"]
[Source "ChessBase"]
[SourceDate "2016.10.25"]
[SourceVersion "1"]
[SourceVersionDate "2016.10.25"]
[SourceQuality "1"]
[WhiteTeam "Jicin"]
[BlackTeam "Praha Grop"]
[WhiteTeamCountry "CZE"]
[BlackTeamCountry "CZE"]

1. d4 d5 2. Nf3 Nf6 3. c4 e6 4. e3 Be7 5. Nc3 0-0 6. Bd3 b6 7. e4 dxe4 8. Nxe4 Bb7 9. Qc2 Bxe4 10. Bxe4 Nxe4 11. Qxe4 Nd7 12. 0-0 Nf6 13. Qe2 c5 14. Rd1 Qc7 15. b3 cxd4 16. Nxd4 Rad8 17. Bb2 a6 18. Rd3 g6 19. Re1 Nh5 20. g3 Bf6 21. Red1 e5 22. Nf5 Rxd3 23. Rxd3 e4 24. Rd2 Bxb2 25. Rxb2 Qe5 26. Nh6+ Kg7 27. Ng4 Qe6 28. Qd1 Nf6 29. Nxf6 Qxf6 30. Rd2 Re8 31. Rd6 Re6 32. Rxe6 Qxe6 33. Qd4+ f6 34. b4 Kf7 35. a4 Ke7 36. b5 axb5 37. cxb5 f5 38. Kg2 h5 39. h4 Qd6 40. Qg7+ Kd8 41. Qb7 Qc7 42. Qa8+ Ke7 43. Qg8 Qd6 44. Qa8 Ke6 45. Qa7 Kd5 46. a5 Kc5 47. axb6 Qxb6 48. Qa6 Qxa6 49. bxa6 Kb6 50. f3 Kxa6 51. Kf2 Kb6 52. Ke3 exf3 53. Kxf3 Kc5 54. Kf4 Kd4 55. Kg5 Ke4 56. Kxg6 f4 57. gxf4 Kxf4 58. Kxh5 Kf5 1/2-1/2

[Event "CZE-chT1W 1516"]
[Site "Czech Republic"]
[Date "2016.01.17"]
[Round "6.7"]
[White "Jinova, Lucie"]
[Black "Postupa, Martin"]
[Result "1-0"]
[WhiteElo "2069"]
[BlackElo "2125"]
[PlyCount "113"]
[EventDate "2015.10.11"]
[EventType "team-tourn"]
[EventRounds "11"]
[EventCountry "CZE"]
[SourceTitle "CBM 170 Extra"]
[Source "ChessBase"]
[SourceDate "2016.02.25"]
[SourceVersion "1"]
[SourceVersionDate "2016.02.25"]
[SourceQuality "1"]
[WhiteTeam "Novoborsky II"]
[BlackTeam "Praha Grop"]
[WhiteTeamCountry "CZE"]
[BlackTeamCountry "CZE"]

1. e4 e5 2. Nf3 Nc6 3. d4 exd4 4. Bc4 Nf6 5. 0-0 Be7 6. e5 Ne4 7. Bd5 Nc5 8. Nxd4 Nxd4 9. Qxd4 0-0 10. Rd1 c6 11. Bf3 Ne6 12. Qc3 f6 13. Bg4 Nc7 14. Qb3+ Kh8 15. Bf4 Nd5 16. exf6 Nxf6 17. Bf3 d5 18. c4 Qa5 19. Nc3 dxc4 20. Qxc4 Qb4 21. Qxb4 Bxb4 22. Bd6 Bxd6 23. Rxd6 Bf5 24. Rad1 h5 25. h3 Rae8 26. R6d4 Re5 27. Kh2 a6 28. R1d2 Kg8 29. Rd8 Rxd8 30. Rxd8+ Kf7 31. Bxh5+ Nxh5 32. g4 Be6 33. gxh5 Rxh5 34. Rd3 b5 35. Ne4 Ke7 36. Re3 c5 37. f4 Kd7 38. Ng5 Bxa2 39. Ra3 Bd5 40. Rxa6 Ke7 41. Ra7+ Kd6 42. Rxg7 c4 43. Ra7 Kc5 44. Kg3 b4 45. Ra5+ Kd4 46. Rb5 b3 47. Kg4 Rh6 48. f5 Bc6 49. Rb6 Kc5 50. Rb8 Bb5 51. f6 Bd7+ 52. Kg3 Rg6 53. h4 Be6 54. Kf4 Kd4 55. Nxe6+ Kd5 56. Kf5 Rg1 57. f7 1-0

[Event "CZE-chT2C 1516"]
[Site "Czech Republic"]
[Date "2015.12.06"]
[Round "4.5"]
[White "Adamek, Zdenek"]
[Black "Postupa, Martin"]
[Result "1-0"]
[WhiteElo "2294"]
[BlackElo "2096"]
[PlyCount "69"]
[EventDate "2015.10.18"]
[EventType "team-tourn"]
[EventRounds "11"]
[EventCountry "CZE"]
[SourceTitle "EXT 2022"]
[Source "ChessBase"]
[SourceDate "2021.10.06"]
[SourceVersion "1"]
[SourceVersionDate "2021.10.06"]
[SourceQuality "1"]
[WhiteTeam "Praha Dopravni podnik II"]
[BlackTeam "Pankrac II"]
[WhiteTeamCountry "CZE"]
[BlackTeamCountry "CZE"]

1. d4 d5 2. c4 e6 3. Nc3 Nf6 4. cxd5 exd5 5. Bg5 Nbd7 6. e3 Bb4 7. Bd3 c5 8. Nge2 c4 9. Bc2 h6 10. Bh4 0-0 11. 0-0 Be7 12. f3 b6 13. Bf2 Bb7 14. Ng3 Bb4 15. e4 Re8 16. e5 Nh7 17. f4 Ndf8 18. f5 f6 19. e6 a6 20. Nh5 Re7 21. h4 b5 22. Qf3 Bd6 23. Nf4 Bxf4 24. Qxf4 b4 25. Na4 Bc6 26. Nc5 a5 27. Bg3 Qb6 28. Qd6 Raa7 29. Ba4 Rac7 30. Rad1 g6 31. Qd8 gxf5 32. Bxc7 Qxc7 33. Qxc7 Rxc7 34. Bxc6 Rxc6 35. e7 1-0

[Event "CZE-chT1W 1516"]
[Site "Czech Republic"]
[Date "2015.11.15"]
[Round "3.7"]
[White "Postupa, Martin"]
[Black "Chmel, Kristian"]
[Result "0-1"]
[WhiteElo "2125"]
[BlackElo "2075"]
[PlyCount "66"]
[EventDate "2015.10.11"]
[EventType "team-tourn"]
[EventRounds "11"]
[EventCountry "CZE"]
[SourceTitle "CBM 169 Extra"]
[Source "ChessBase"]
[SourceDate "2015.12.18"]
[SourceVersion "1"]
[SourceVersionDate "2015.12.18"]
[SourceQuality "1"]
[WhiteTeam "Praha Grop"]
[BlackTeam "Praha Kobylisy"]
[WhiteTeamCountry "CZE"]
[BlackTeamCountry "CZE"]

1. e4 c6 2. d4 d5 3. f3 g6 4. Nc3 Bg7 5. Be3 dxe4 6. fxe4 Nf6 7. h3 0-0 8. Qd2 Nbd7 9. 0-0-0 b5 10. e5 b4 11. Nce2 Nd5 12. Kb1 Nxe3 13. Qxe3 Nxe5 14. Nf4 Nd7 15. Be2 Nb6 16. Bf3 Rb8 17. Nge2 Nc4 18. Qc1 a5 19. Bxc6 Qd6 20. Be4 e5 21. Nd3 exd4 22. g4 Be6 23. Rde1 Rfc8 24. Ndf4 a4 25. Nxe6 fxe6 26. Nf4 Ne3 27. Ng2 b3 28. Nxe3 bxa2+ 29. Kxa2 dxe3 30. c3 a3 31. Rd1 Qe5 32. Bf3 axb2 33. Qc2 Qa5+ 0-1

[Event "Prague Pankrac Cup"]
[Site "Prague"]
[Date "2015.09.29"]
[Round "3"]
[White "Formanek, Martin"]
[Black "Postupa, Martin"]
[Result "1/2-1/2"]
[WhiteElo "2189"]
[BlackElo "2125"]
[PlyCount "47"]
[EventDate "2015.09.15"]
[EventType "swiss"]
[EventRounds "8"]
[EventCountry "CZE"]
[SourceTitle "EXT 2017"]
[Source "ChessBase"]
[SourceDate "2016.10.25"]
[SourceVersion "1"]
[SourceVersionDate "2016.10.25"]
[SourceQuality "1"]

1. Nf3 d5 2. g3 Nf6 3. Bg2 c6 4. 0-0 Bg4 5. c4 Nbd7 6. d4 e6 7. Nbd2 Be7 8. Re1 0-0 9. e4 dxe4 10. Nxe4 Nxe4 11. Rxe4 Nf6 12. Re1 Bb4 13. Bd2 Bxf3 14. Qxf3 Qa5 15. Re5 Qb6 16. c5 Qa5 17. Bg5 Qd8 18. Qb3 Ba5 19. Qxb7 Qxd4 20. Bxf6 gxf6 21. Re4 Qxc5 22. Qxc6 Qxc6 23. Rg4+ Kh8 24. Bxc6 1/2-1/2